| 000 -LEADER |
| fixed length control field |
00571nam a22002177a 4500 |
| 003 - CONTROL NUMBER IDENTIFIER |
| control field |
OSt |
| 005 - DATE AND TIME OF LATEST TRANSACTION |
| control field |
20210421063909.0 |
| 008 - FIXED-LENGTH DATA ELEMENTS--GENERAL INFORMATION |
| fixed length control field |
201216s1987 ||||| |||| 00| 0 jap d |
| 040 ## - CATALOGING SOURCE |
| Original cataloging agency |
eng |
| Language of cataloging |
eng |
| Transcribing agency |
DLC |
| 041 ## - LANGUAGE CODE |
| Language code of text/sound track or separate title |
jap |
| 080 ## - UNIVERSAL DECIMAL CLASSIFICATION NUMBER |
| Universal Decimal Classification number |
61 |
| Item number |
W-19 |
| 100 ## - MAIN ENTRY--PERSONAL NAME |
| 9 (RLIN) |
389 |
| Personal name |
Hurst, J. Willis |
| Relator term |
Editor |
| 245 ## - TITLE STATEMENT |
| Title |
The Problem Oriented System |
| 250 ## - EDITION STATEMENT |
| Edition statement |
The First Japanese Edition |
| 260 ## - PUBLICATION, DISTRIBUTION, ETC. |
| Place of publication, distribution, etc. |
Tokyo |
| Name of publisher, distributor, etc. |
Igaku-Shoin Ltd |
| Date of publication, distribution, etc. |
1987 |
| 300 ## - PHYSICAL DESCRIPTION |
| Extent |
306 p. |
| Other physical details |
ill. |
| 650 #0 - SUBJECT ADDED ENTRY--TOPICAL TERM |
| 9 (RLIN) |
69 |
| Topical term or geographic name entry element |
Medicine |
| 653 ## - INDEX TERM--UNCONTROLLED |
| Uncontrolled term |
მედიცინა |
| 700 ## - ADDED ENTRY--PERSONAL NAME |
| 9 (RLIN) |
376 |
| Personal name |
Walker,H.Kenneth |
| Relator term |
Editor |
| 942 ## - ADDED ENTRY ELEMENTS (KOHA) |
| Source of classification or shelving scheme |
|
| Koha item type |
Books |